Sociologie politique du pouvoir local (notice n° 2198596)
[ vue normale ]
| 000 -LEADER | |
|---|---|
| fixed length control field | 01712cam a2200145 4500500 |
| 005 - DATE AND TIME OF LATEST TRANSACTION | |
| control field | 20260405085551.0 |
| 041 ## - LANGUAGE CODE | |
| Language code of text/sound track or separate title | fre |
| 042 ## - AUTHENTICATION CODE | |
| Authentication code | dc |
| 100 10 - MAIN ENTRY--PERSONAL NAME | |
| Personal name | Douillet, Anne-Cécile |
| Relator term | author |
| 245 00 - TITLE STATEMENT | |
| Title | Sociologie politique du pouvoir local |
| 260 ## - PUBLICATION, DISTRIBUTION, ETC. | |
| Name of publisher, distributor, etc. | Armand Colin,<br/> |
| Date of publication, distribution, etc. | 2017.<br/> |
| 520 ## - SUMMARY, ETC. | |
| Summary, etc. | L’organisation territoriale est une question politique majeure, comme l’a illustré la récente réforme des régions en France et les vifs débats qu’elle a suscités. C’est en effet à l’échelle locale que le pouvoir politique semble le plus incarné, à travers les élus locaux et les administrations déconcentrées de l’État. Les réformes décentralisatrices ont également rendu les Pouvoirs locaux plus visibles.En s’intéressant aux relations de pouvoir et à la façon dont se déploie l’action publique au niveau infranational, cet ouvrage propose une analyse complète du pouvoir politique local. L’étude des collectivités territoriales, des élus qui sont à leur tête comme de leurs administrations, est en effet articulée à celle des groupes d’intérêts, des experts qui agissent auprès d’elles ou encore des mobilisations sociales locales. C’est ainsi à la fois la place des Pouvoirs locaux dans le système politique national et l’exercice localisé du pouvoir politique qui sont interrogés.À travers cette étude du pouvoir à l’échelle locale, c’est toute une réflexion sur les modalités d’exercice du pouvoir politique dans les démocraties représentatives qui est ici proposée. |
| 700 10 - ADDED ENTRY--PERSONAL NAME | |
| Personal name | Lefebvre, Rémi |
| Relator term | author |
| 856 41 - ELECTRONIC LOCATION AND ACCESS | |
| Uniform Resource Identifier | <a href="https://shs.cairn.info/sociologie-politique-du-pouvoir-local--9782200603793?lang=fr&redirect-ssocas=7080">https://shs.cairn.info/sociologie-politique-du-pouvoir-local--9782200603793?lang=fr&redirect-ssocas=7080</a> |
Pas d'exemplaire disponible.




Réseaux sociaux